[Event "Rochefort op 8th"]
[Site "Rochefort"]
[Date "2009.02.??"]
[Round "7"]
[White "Galloux, Maxime"]
[Black "Simutowe, Amon"]
[Result "0-1"]
[WhiteElo "2062"]
[BlackElo "2485"]
[PlyCount "60"]
[EventDate "2009.02.??"]
[EventType "swiss"]
[EventRounds "9"]
[EventCountry "FRA"]
[SourceTitle "EXT 2010"]
[Source "ChessBase"]
[SourceDate "2010.11.25"]
[SourceVersion "1"]
[SourceVersionDate "2010.11.25"]
[SourceQuality "1"]

1. e4 c6 2. d4 d5 3. e5 c5 4. dxc5 Nc6 5. Nf3 Bg4 6. Bb5 e6 7. Be3 Nge7 8. c3 Bxf3 9. Qxf3 a6 10. Ba4 Ng6 11. Bd4 Qg5 12. 0-0 Ngxe5 13. Qe2 Nd7 14. b4 Be7 15. Nd2 0-0 16. f4 Qh6 17. Nf3 a5 18. a3 Rfc8 19. Ne5 Nf6 20. Bc2 Nxd4 21. cxd4 axb4 22. axb4 Rxa1 23. Rxa1 Qxf4 24. Qd3 g6 25. g3 Qh6 26. Ra7 Qc1+ 27. Kg2 Rb8 28. c6 Ne4 29. cxb7 Qe1 30. Qe3 Qxe3 0-1

[Event "Rochefort op 8th"]
[Site "Rochefort"]
[Date "2009.02.??"]
[Round "5"]
[White "Sandu, Mihaela"]
[Black "Simutowe, Amon"]
[Result "0-1"]
[WhiteElo "2285"]
[BlackElo "2485"]
[PlyCount "46"]
[EventDate "2009.02.??"]
[EventType "swiss"]
[EventRounds "9"]
[EventCountry "FRA"]
[SourceTitle "EXT 2010"]
[Source "ChessBase"]
[SourceDate "2010.11.25"]
[SourceVersion "1"]
[SourceVersionDate "2010.11.25"]
[SourceQuality "1"]

1. e4 c6 2. c4 d5 3. exd5 cxd5 4. cxd5 Nf6 5. Nc3 Nxd5 6. Nf3 Nxc3 7. bxc3 g6 8. Bc4 Bg7 9. d4 Nc6 10. 0-0 0-0 11. Re1 Qc7 12. Ba3 Bf6 13. Rc1 Rd8 14. Qd2 Na5 15. Bf1 Be6 16. Rxe6 fxe6 17. Qe2 Qd7 18. g3 Kg7 19. c4 Rac8 20. Bb4 Nc6 21. Bc3 Nxd4 22. Nxd4 Kf7 23. Bh3 Qd6 0-1

[Event "Rochefort op 8th"]
[Site "Rochefort"]
[Date "2009.02.??"]
[Round "6"]
[White "Simutowe, Amon"]
[Black "Kozhuharov, Spas"]
[Result "1/2-1/2"]
[WhiteElo "2485"]
[BlackElo "2411"]
[PlyCount "144"]
[EventDate "2009.02.??"]
[EventType "swiss"]
[EventRounds "9"]
[EventCountry "FRA"]
[SourceTitle "EXT 2010"]
[Source "ChessBase"]
[SourceDate "2010.11.25"]
[SourceVersion "1"]
[SourceVersionDate "2010.11.25"]
[SourceQuality "1"]

1. e4 c5 2. Nf3 d6 3. c3 Nf6 4. Bd3 Bg4 5. Bc2 Nc6 6. d3 e6 7. Nbd2 d5 8. Qe2 Be7 9. h3 Bh5 10. Nf1 Qc7 11. g4 Bg6 12. Ng3 dxe4 13. dxe4 Bd6 14. Rg1 0-0-0 15. Bd2 Rd7 16. 0-0-0 Rhd8 17. Qe3 Qa5 18. Kb1 Qb5 19. Bc1 Na5 20. b3 Nc4 21. Qe1 Na5 22. Nf5 exf5 23. exf5 Re7 24. Qf1 Qc6 25. Nd2 Nd5 26. Bb2 Bh2 27. Rh1 Be5 28. Ne4 Rde8 29. Qd3 Rd7 30. Qf1 Qc7 31. Qb5 Bxf5 32. gxf5 a6 33. Qxc5 Qxc5 34. Nxc5 Nxc3+ 35. Bxc3 Rxd1+ 36. Rxd1 Bxc3 37. Ne4 Be5 38. Ng5 Bf4 39. Nxf7 Kc7 40. Rg1 Nc6 41. Ng5 Nd4 42. Ne6+ Nxe6 43. fxe6 g6 44. Rg4 Bh2 45. Rh4 Re7 46. b4 Rxe6 47. Rxh7+ Kb8 48. Bd3 Bd6 49. a3 a5 50. bxa5 Bxa3 51. f3 Bb4 52. Be4 Re7 53. Rh8+ Kc7 54. Bxg6 Bxa5 55. Be4 Bc3 56. Rh7 Be5 57. h4 b5 58. Rh6 b4 59. Kc2 Re8 60. h5 Rh8 61. Rc6+ Kd7 62. Rc4 Rxh5 63. Rxb4 Bd6 64. Rb7+ Ke6 65. Kd3 Ra5 66. Rb6 Ra3+ 67. Kc4 Ra4+ 68. Kb3 Ra3+ 69. Kb2 Ra4 70. Kb3 Ra3+ 71. Kc4 Ra4+ 72. Kd3 Ra3+ 1/2-1/2

[Event "Nova Gorica op-A 14th"]
[Site "Nova Gorica"]
[Date "2009.01.31"]
[Round "1"]
[White "Arsenault, Nicolas"]
[Black "Simutowe, Amon"]
[Result "0-1"]
[WhiteElo "2229"]
[BlackElo "2485"]
[PlyCount "90"]
[EventDate "2009.01.31"]
[EventType "swiss"]
[EventRounds "9"]
[EventCountry "SLO"]
[SourceTitle "CBM 128 Extra"]
[Source "ChessBase"]
[SourceDate "2009.03.05"]
[SourceVersion "2"]
[SourceVersionDate "2009.03.25"]
[SourceQuality "1"]

1. e4 c6 2. d4 d5 3. e5 Bf5 4. h4 h6 5. g4 Bd7 6. Nd2 Qc8 7. Be2 c5 8. c3 Nc6 9. Nf1 cxd4 10. cxd4 Qc7 11. f4 Qb6 12. Be3 Qxb2 13. Rb1 Qxa2 14. Rxb7 e6 15. Nf3 Bb4+ 16. Bd2 Bxd2+ 17. N1xd2 Nge7 18. h5 Rb8 19. Rxb8+ Nxb8 20. 0-0 0-0 21. Qb1 Qa3 22. Qb3 Qa5 23. Rc1 Nbc6 24. Qe3 Rb8 25. Nb3 Qa3 26. Rc3 Bc8 27. Nc5 Qa1+ 28. Kf2 Rb2 29. Rb3 Rxb3 30. Nxb3 Qb2 31. Nc5 a5 32. Qb3 Qc1 33. Qe3 Qa1 34. Nb3 Qb2 35. Nc5 Nb4 36. Qb3 Qc1 37. Qe3 Qa1 38. Nb3 Qb2 39. Nc5 Nec6 40. Na4 Qa1 41. Nc3 a4 42. Qd2 a3 43. Bd1 Ba6 44. Be2 Bxe2 45. Kxe2 a2 0-1

[Event "Marianske Lazne IM-B"]
[Site "Marianske Lazne"]
[Date "2009.01.22"]
[Round "7"]
[White "Simutowe, Amon"]
[Black "Oparin, Grigoriy"]
[Result "0-1"]
[WhiteElo "2485"]
[BlackElo "2189"]
[PlyCount "114"]
[EventDate "2009.01.17"]
[EventType "tourn"]
[EventRounds "11"]
[EventCountry "CZE"]
[EventCategory "1"]
[SourceTitle "CBM 128 Extra"]
[Source "ChessBase"]
[SourceDate "2009.03.05"]
[SourceVersion "2"]
[SourceVersionDate "2009.03.25"]
[SourceQuality "1"]

1. c4 e6 2. d4 d5 3. Nf3 Be7 4. Nc3 Nf6 5. Bg5 0-0 6. e3 h6 7. Bh4 b6 8. cxd5 Nxd5 9. Bxe7 Qxe7 10. Nxd5 exd5 11. Rc1 Be6 12. Qa4 c5 13. dxc5 bxc5 14. Qa3 Rc8 15. Bb5 Nd7 16. 0-0 Nf6 17. Nd4 Qf8 18. Nc6 Nd7 19. b4 c4 20. Nd4 Nf6 21. Qa6 Qxb4 22. Rb1 Qc5 23. Bc6 Rab8 24. Bb7 Rc7 25. Rb5 Qxb5 26. Qxb5 Rcxb7 27. Qa5 Ne4 28. f3 Nd6 29. e4 Nb5 30. Nc6 Rc8 31. exd5 Bxd5 32. Nb4 Be6 33. Nc2 c3 34. a4 Nd6 35. Rc1 Rbc7 36. g4 Nb7 37. Qe5 Nc5 38. Rd1 Nxa4 39. h4 Nb6 40. g5 hxg5 41. hxg5 Rd7 42. Ra1 Rd5 43. Qf4 g6 44. Ne3 Rdc5 45. Kf2 c2 46. Rh1 c1Q 47. Qh4 Qxh1 48. Qxh1 Nd5 49. Ng2 a5 50. Qa1 Bd7 51. Ne1 a4 52. Nd3 Rc2+ 53. Kg3 Ne3 54. Ne5 Nf5+ 55. Kf4 Be6 56. Ng4 R2c4+ 57. Ke5 Kg7 0-1

[Event "Marianske Lazne IM-B"]
[Site "Marianske Lazne"]
[Date "2009.01.18"]
[Round "2"]
[White "Robertsen, Thomas"]
[Black "Simutowe, Amon"]
[Result "0-1"]
[WhiteElo "2275"]
[BlackElo "2485"]
[PlyCount "54"]
[EventDate "2009.01.17"]
[EventType "tourn"]
[EventRounds "11"]
[EventCountry "CZE"]
[EventCategory "1"]
[SourceTitle "CBM 128 Extra"]
[Source "ChessBase"]
[SourceDate "2009.03.05"]
[SourceVersion "2"]
[SourceVersionDate "2009.03.25"]
[SourceQuality "1"]

1. e4 c6 2. d4 d5 3. e5 Bf5 4. Nc3 e6 5. g4 Bg6 6. Nge2 c5 7. h4 h6 8. Be3 Nc6 9. dxc5 h5 10. Nf4 Bh7 11. g5 d4 12. g6 dxe3 13. Bd3 Bxg6 14. Nxg6 fxg6 15. Qf3 exf2+ 16. Qxf2 Nxe5 17. 0-0-0 Nxd3+ 18. Rxd3 Qc7 19. Ne4 Rd8 20. Rf1 Nh6 21. Rf3 Nf5 22. Qg1 Rd4 23. Rxf5 gxf5 24. Qxd4 fxe4 25. Qxe4 Rh6 26. Qa4+ Qc6 27. Qxa7 Rf6 0-1